Китайският и корейският народи в борбата за мир (Запис номер 167186)
[ съкратено ]
| 000 -Лидер | |
|---|---|
| Контролно поле с фиксирана дължина | 01497nam a2200373 a 4500 |
| 003 - Код на организацията, давaща контролен номер | |
| Контролно поле | BLK |
| 005 - Дата и час на последна редакция | |
| Контролно поле | 20241026114444.0 |
| 008 - Елементи от данни с фиксирана дължина | |
| fixed length control field | 180411b bul|||||r ||||||| ||bul|| |
| 010 ## - Наследен системен номер | |
| LC control number | KNG00174977000 |
| 040 ## - Източник на каталожния запис | |
| Идентификатор на билиотеката - собственик на записа | BLK |
| 041 ## - Код за език | |
| Код за езика на текст/звукозапис или на отделно заглавие | Български |
| Код за езика КДБФ | Български |
| 080 ## - УДК | |
| Текстов определител УДК | Движения за мир между народите. Вж и 172.4 |
| УДК код - определител по УДК | 327.36 |
| УДК определител | (5-012) |
| УДК - код + определител | 327.36(5-012) |
| 100 1# - Редна дума - Автор | |
| Автор | Караславов, Георги |
| Авторска отговорност | първи автор |
| R(LIN) | 369377 |
| 139 ## - Редно поле | |
| Редна дума | Караславов, Георги и др. |
| Авторски знак | Карас - К 36 |
| 245 10 - Сведения за заглавието | |
| Заглавие | Китайският и корейският народи в борбата за мир |
| Редно поле (дума) | Георги Караславов; съавт. Димитър Полянов; съавт. Мария Кирилова. |
| 257 ## - Страна на издаване | |
| Страна на създаване/издаване | България |
| 260 ## - Област на издателските данни | |
| Име на издателя, разпространителя и проч. | Нац. к-т за защита на мира |
| Година на издаване | 1952 |
| Място на издаване, разпространение и проч. | София |
| 300 ## - Физическа характеристика | |
| Страници | 63 с. |
| Размери/Мащаб | 17 см |
| 380 ## - Жанр | |
| Жанр | Обществени науки |
| 650 #4 - Допълнително описание по предмет – тема | |
| Основно описание – тема или топоним | Борба за мир |
| 9 (RLIN) | 275335 |
| 651 #4 - Допълнително описание по предмет - топоним | |
| Географско понятие | Китай |
| 9 (RLIN) | 242505 |
| 651 #4 - Допълнително описание по предмет - топоним | |
| Географско понятие | Корея |
| 9 (RLIN) | 255833 |
| 653 ## - Ключова дума – ненормативна | |
| Ключова дума | борба за мир |
| 653 ## - Ключова дума – ненормативна | |
| Ключова дума | Далечен Изток |
| 700 ## - Други автори (авторска отговорност) | |
| Лично име | Полянов, Димитър |
| Друга информация | Попов, Димитър Иванов |
| 9 (RLIN) | 373181 |
| 700 1# - Други автори (авторска отговорност) | |
| Лично име | Кирилова, Мария |
| Автороска отговорност (Описва отношението между автора и произведението) | съавт. |
| 9 (RLIN) | 337428 |
| 852 ## - Местоположение | |
| Форматна сигнатура | Цб 3.165.38708 |
| 856 4# - Електронен адрес и достъп | |
| Електронен формат | pdf - файл |
| 856 4# - Електронен адрес и достъп | |
| Електронен формат | pdf - файл |
| 999 ## - СИСТЕМНИ КОНТРОЛНИ НОМЕРА | |
| Koha biblionumber | 167186 |
| Koha biblioitemnumber | 167186 |
| 942 ## - АРТИКУЛИ | |
| Вид на библиотечния материал | Книги |
| Скрит в OPAC | Не |
| Периодичен библиозапис | Да |
| 944 ## - СЪЗДАВАНЕ И РЕДАКЦИЯ на ЗАПИСА | |
| Създаване/Редакция | Създаване |
| Дата на регистрацията/редакция | 11.05.2015 |
| Служител, извършил регистрацията/редакцията | 30550 |
| Статус, дата на статуса | Кети Илиева |
| 944 ## - СЪЗДАВАНЕ И РЕДАКЦИЯ на ЗАПИСА | |
| Създаване/Редакция | Редакция |
| Дата на регистрацията/редакция | 11.05.2015 |
| Служител, извършил регистрацията/редакцията | Наталия_Медовщикова |
| 999 ## - СИСТЕМНИ КОНТРОЛНИ НОМЕРА | |
| Koha biblioitemnumber | 167186 |
| Код за отписване | Код за изгубен артикул | Източник на класификационната схема | Код за повреда | Коз за рестрикции | Код за отдаване | Артикулен № | Име на библиотеката - собственик | Име на библиотеката, в която се намира в момента | Статус (Текущо местоположение) | Дата на вписване в системата | Местоположение - отдел | Цена в лева | Инвентарен номер | Систематично азбучна сигнатура | Баркод | Номер на екземпляра | Цена в евро | Служебна бележка | Служебен тип на артикула |
|---|---|---|---|---|---|---|---|---|---|---|---|---|---|---|---|---|---|---|---|
| Не е изгубен | Universal Decimal Classification | Не е повреден | само за читалня | ползва се в читалня | 281650 | Регионална библиотека "Любен Каравелов" Русе | Регионална библиотека "Любен Каравелов" Русе | Хранилище | 1952-01-01 | Основен фонд - ползва се само за читалня | 0.05 | 38708 | Цб 3.165.38708 | 900000041110 | 1 | 0.03 | Дост: Pk N: стар фонд Дата: 01.01.1952 Дата инв: 11.05.2015 Бележки инв: О2015 | Книги |